Rocking Readers 2011-12 Y2-6 Term 1.2 (Record no. 49005)
| 000 -LEADER | |
|---|---|
| fixed length control field | 00318nam a22001097a 4500 |
| 008 - FIXED-LENGTH DATA ELEMENTS--GENERAL INFORMATION | |
| fixed length control field | 250701b |||||||| |||| 00| 0 eng d |
| 100 ## - MAIN ENTRY--PERSONAL NAME | |
| Personal name | Karyn Walton (Author) |
| 9 (RLIN) | 86380 |
| 245 ## - TITLE STATEMENT | |
| Title | Rocking Readers 2011-12 Y2-6 Term 1.2 |
| 260 ## - PUBLICATION, DISTRIBUTION, ETC. (IMPRINT) | |
| Name of publisher, distributor, etc | Mrs Karyn Walton |
| Date of publication, distribution, etc | 2011-12 |
| 300 ## - PHYSICAL DESCRIPTION | |
| Extent | Unknow |
| Other physical details | col. ill. |
| Dimensions | 21cm x 29.7cm |
| 942 ## - ADDED ENTRY ELEMENTS (KOHA) | |
| Source of classification or shelving scheme | |
| Withdrawn status | Lost status | Source of classification or shelving scheme | Damaged status | Not for loan | Collection code | Home library | Current library | Date acquired | Total Checkouts | Full call number | Barcode | Date last seen | Price effective from | Koha item type |
|---|---|---|---|---|---|---|---|---|---|---|---|---|---|---|
| Non-Fiction | Asian Hope Siem Reap | Asian Hope Siem Reap | 07/01/2025 | NFIC KAR | 209038 | 07/01/2025 | 07/01/2025 | Book |